000 00599nam a2200181 i 4500
001 99653
003 ES-MaACL
005 20230906182531.0
007 t|
008 050914s1963 sp ||||1| spa d
100 1 _aMartínez Cachero, José María.
_977905
245 1 0 _aAndrés González-Blanco
_b: una vida para la literatura /
_cJosé María Martínez Cachero.
260 _aOviedo :
_b[s.n.],
_c1963 (
_fGráf. Summa)
300 _a192 p., 5 lám. ;
_c20 cm.
600 1 4 _aGonzález-Blanco, Andrés,
_d1886-1924
_958459
852 _aES-MaACL
_jC-24662
_bR.53483
999 _c99653
_d99653